| Tag |
First Indicator |
Second Indicator |
Subfields |
| LEADER |
00000cam a2200000 a 4500 |
| 001 |
in00000095453 |
| 005 |
20150923173549.0 |
| 008 |
820116s1981 txua b 00110 eng d |
| 035 |
|
|
|a (OCoLC)08069180
|
| 035 |
|
|
|9 AAK8094AM
|
| 040 |
|
|
|a LPL
|c LPL
|d TXA
|d UtOrBLW
|
| 049 |
|
|
|a TXAV
|v 1 [1272816]
|v 2 [1272817]
|
| 090 |
|
|
|a TK454
|b F8
|
| 092 |
|
|
|a 621.381
|b F959a
|
| 100 |
1 |
|
|a Fulton, Stanley R.
|
| 245 |
1 |
0 |
|a AC circuits /
|c Stanley R. Fulton ; John Clayton Rawlins ; with contributions by Gerald Luecke ; edited by Robert E. Sawyer.
|
| 264 |
|
1 |
|a Ft. Worth, Tex. :
|b Radio Shack,
|c [1981]
|
| 264 |
|
4 |
|c ©1981
|
| 300 |
|
|
|a 2 volumes :
|b illustrations ;
|c 24 cm.
|
| 336 |
|
|
|a text
|b txt
|2 rdacontent
|
| 337 |
|
|
|a unmediated
|b n
|2 rdamedia
|
| 338 |
|
|
|a volume
|b nc
|2 rdacarrier
|
| 490 |
1 |
|
|a Basic electricity series
|
| 500 |
|
|
|a Includes indexes.
|
| 500 |
|
|
|a "Developed and published by Texas Instruments Learning Center."-- cover.
|
| 504 |
|
|
|a Bibliography: volume 1 and volume 2, p. B1-B2.
|
| 505 |
0 |
|
|a v.1. Basic circuit concepts.--v.2. Circuit analysis methods.
|
| 650 |
|
0 |
|a Electric circuits
|x Amateurs' manuals.
|
| 650 |
|
0 |
|a Electric currents, Alternating
|x Amateurs' manuals.
|
| 700 |
1 |
|
|a Rawlins, John Clayton.
|
| 710 |
2 |
|
|a Texas Instruments Incorporated.
|b Learning Center.
|
| 830 |
|
0 |
|a Basic electricity series.
|
| 999 |
|
|
|a MARS
|
| 999 |
f |
f |
|s 3e838995-1d81-3305-8059-258a16428e12
|i 81860200-8140-3022-8b7e-24b35068c5bf
|t 0
|
| 952 |
f |
f |
|p ric
|a Texas A&M University
|b Rellis Campus
|c Joint Library Facility
|d Remote Storage
|t 0
|e TK454 F8
|h Library of Congress classification
|i unmediated -- volume
|k v.1
|m A14806018016
|
| 952 |
f |
f |
|p ric
|a Texas A&M University
|b Rellis Campus
|c Joint Library Facility
|d Remote Storage
|t 0
|e TK454 F8
|h Library of Congress classification
|i unmediated -- volume
|k v.2
|m A14806018008
|
| 998 |
f |
f |
|a TK454 F8
|s v.1-2
|t 0
|l Remote Storage
|